County map of Nova Scotia, New Brunswick, Cape Breton Id. and Pr. Edward's Id.
Saved in:
| Main Author: | |
|---|---|
| Corporate Authors: | , , , |
| Format: | Electronic |
| Language: | English |
| Published: |
[1890].
|
| Series: | David Rumsey Collection digital maps
|
| Subjects: | |
| Tags: |
Add Tag
No Tags, Be the first to tag this record!
|
| LEADER | 01523nea a2200337Ka 4500 | ||
|---|---|---|---|
| 001 | 012024974-X | ||
| 005 | 20090630193809.0 | ||
| 008 | 060613t18901887paud a s 0 eng d | ||
| 034 | 1 | |a a |b 2900000 |d W0683000 |e W0593000 |f N0500000 |g N0432000 | |
| 035 | 0 | |a ocm70081902 | |
| 040 | |a CUY |c CUY | ||
| 052 | |a 3415 | ||
| 100 | 1 | |a Mitchell, S. Augustus |q (Samuel Augustus), |d 1792-1868. | |
| 245 | 1 | 0 | |a County map of Nova Scotia, New Brunswick, Cape Breton Id. and Pr. Edward's Id. |h [electronic resource] / |c copyright 1887 by Wm. M. Bradley & Bro. |
| 255 | |a Scale [ca. 1:2,900,000] |c (W 68⁰30ʹ--W 59⁰30ʹ/N 50⁰00ʹ--N 43⁰20ʹ). | ||
| 260 | |c [1890]. | ||
| 500 | |a Relief shown by hachures. | ||
| 500 | |a Shows counties, settlements, railroads, etc. | ||
| 500 | |a Inset: City and harbor of Halifax. Scale [ca. 1:150,000] | ||
| 500 | |a Prime meridians: Greenwich and Washington. | ||
| 500 | |a Scanned raster image of original: 1 map : hand col. ; 30 x 24 cm. | ||
| 500 | |a Original in the David Rumsey Collection; scanned by Cartography Associates. | ||
| 651 | 0 | |a Maritime Provinces |v Maps. | |
| 710 | 2 | |a Wm. M. Bradley & Bros. | |
| 710 | 2 | |a John Y. Huber Company. | |
| 710 | 2 | |a David Rumsey Collection. | |
| 710 | 2 | |a Cartography Associates. | |
| 773 | 0 | |a Mitchell, S. Augustus (Samuel Augustus), 1792-1868. |t Mitchell's new general atlas. |d Philadelphia ; St. Louis : John Y. Huber Company, 1890, c1886. |g p. 7. |w (OCoLC)70047977 | |
| 830 | 0 | |a David Rumsey Collection digital maps |5 net | |
| 988 | |a 20090630 | ||
| 906 | |0 OCLC | ||


